Normal view
MARC view
- Dr. S. M. Hassan Zaidi.
Entry Personal Name
001 - CONTROL NUMBER
- control field: 22929
003 - CONTROL NUMBER IDENTIFIER
- control field: NUST
005 - DATE AND TIME OF LATEST TRANSACTION
- control field: 20191007105416.0
008 - FIXED-LENGTH DATA ELEMENTS
- fixed length control field: 191007|| aca||aabn | a|a d
040 ## - CATALOGING SOURCE
- Original cataloging agency: NUST
- Transcribing agency: NUST
100 ## - HEADING--PERSONAL NAME
- Personal name: Dr. S. M. Hassan Zaidi.
670 ## - SOURCE DATA FOUND
- Source citation: Work cat.: (NUST): Hussain Shah, Faaiz 22928, Performance Analysis and Extension of Bimodel Burst Switching (EBBS) Architecture /, 2008.
